A Guidebook to Mechanism in organic Chemistry / (Record no. 36160)
[ view plain ]
| 000 -LEADER | |
|---|---|
| fixed length control field | 00428nam a22001577a 4500 |
| 005 - DATE AND TIME OF LATEST TRANSACTION | |
| control field | 20240722092322.0 |
| 008 - FIXED-LENGTH DATA ELEMENTS--GENERAL INFORMATION | |
| fixed length control field | 240722b |||||||| |||| 00| 0 eng d |
| 082 ## - DEWEY DECIMAL CLASSIFICATION NUMBER | |
| Classification number | 612 |
| Item number | SYK-G |
| 100 ## - MAIN ENTRY--AUTHOR | |
| Author Name | Sykes Peter |
| 245 ## - TITLE STATEMENT | |
| Title | A Guidebook to Mechanism in organic Chemistry / |
| Statement of responsibility, etc. | Sykes Peter |
| 250 ## - EDITION STATEMENT | |
| Edition statement | 6th ed. |
| 300 ## - PHYSICAL DESCRIPTION | |
| Pages | xii,416p. |
| 500 ## - GENERAL NOTE | |
| General note | include index |
| 650 ## - SUBJECT ADDED ENTRY--TOPICAL TERM | |
| Subject / Department | Medical / Organic Chemistry |
| 300 ## - PHYSICAL DESCRIPTION | |
| -- | ill; |
| -- | 23cm. |
No items available.
